Model podnikatelského procesu

Podnikanie ako nepostrádateľná súčasť ekonomiky. Teoretický rámec podnikateľského procesu, jeho prezentovanie hlavným tvorcom ekonomickej téorie podnikania Israelom Kirznerom. Charakteristika hlavných súčastí podnikateľkého procesu, a to objavovanie podnikateľských príležitostí, posudzovanie podnika...

ver descrição completa

Na minha lista:
Detalhes bibliográficos
Autor principal: Čvančarová, Zuzana
Formato: Capítulo de Livro
Idioma:tcheco
Assuntos:
Tags: Adicionar Tag
Sem tags, seja o primeiro a adicionar uma tag!

MARC

LEADER 00000naa$a2200000$$$4500
001 0257126
005 20190718085843.9
041 0 |a cze 
044 |a SK 
245 1 0 |a Model podnikatelského procesu  |c Zuzana Čvančarová 
520 |a Podnikanie ako nepostrádateľná súčasť ekonomiky. Teoretický rámec podnikateľského procesu, jeho prezentovanie hlavným tvorcom ekonomickej téorie podnikania Israelom Kirznerom. Charakteristika hlavných súčastí podnikateľkého procesu, a to objavovanie podnikateľských príležitostí, posudzovanie podnikateľských príležitostí a rozhodovanie o využití podnikateľských príležitostí. Teoretická podstata týchto častí, hlavné faktory, ich pôsobenie a rozdelenie do procesných krokov. 
610 2 0 |a podnikanie 
610 2 0 |a procesy podnikové 
610 2 0 |a rozhodovanie podnikové 
610 2 0 |a správanie 
610 2 0 |a podnikatelia 
610 2 0 |a modely podnikateľské 
610 2 0 |a stratégia podnikateľská 
100 1 |a Čvančarová, Zuzana